| 000 | 00719nam a2200253 a 4500 | ||
|---|---|---|---|
| 001 | 000000463 | ||
| 003 | 000000463 | ||
| 005 | 20180510125829.0 | ||
| 008 | 081117s2007 dr 000 f spa d | ||
| 020 | _a9993401374 | ||
| 040 |
_aBPMSU _bspa _cBPMSU |
||
| 092 |
_aRD863.44 _bS787p, 2007 |
||
| 100 | 1 |
_aStanley, Avelino, _d1959- |
|
| 245 | 1 | 0 |
_aPor qué no he de llorar / _cAvelino Stanley |
| 250 | _a5a ed. | ||
| 260 |
_aSanto Domingo : _bCocolo, _c2007. |
||
| 300 |
_a150 p. ; _c22 cm. |
||
| 650 | 4 | _aNOVELA DOMINICANA | |
| 650 | 4 | _aLITERATURA DOMINICANA | |
| 910 | _aValidado. Control de calidad BNPHU | ||
| 942 |
_2ddc _cBK |
||
| 945 | _aInventariado, 2017 /VM | ||
| 956 |
_aVMATEO _b10 _c20151119 _lBPMSU _h0069 |
||
| 999 |
_c7105 _d7105 |
||